Word Links #7 (Hard!) - Statistics

General Stats
  • This quiz has been taken 2,539 times
  • The average score is 9 of 20
Answers on the Map
Answers color-coded by a green-red scale on the quiz's map according to % correct below.
 
Answer Stats
Answer % Correct
Disney Princesses
95%
Single Name Singers
90%
Ariel
61%
Jasmine
61%
Rapunzel
61%
Tiana
61%
Dido
40%
Fergie
40%
Kesha
40%
Shakira
40%
Eleanor
30%
Lucy
30%
Madonna
30%
Prudence
30%
Belle
27%
Cher
27%
Galette
27%
Violet
27%
Names in Beatles Songs
23%
French Words
21%
No matching quizzes found
Score Distribution
Percent of People with Each Score
Percentile by Number Answered
Your Score History
You have not taken this quiz